<?xml version="1.0" encoding="UTF-8"?>
<record
    xmlns:xsi="http://www.w3.org/2001/XMLSchema-instance"
    xsi:schemaLocation="http://www.loc.gov/MARC21/slim http://www.loc.gov/standards/marcxml/schema/MARC21slim.xsd"
    xmlns="http://www.loc.gov/MARC21/slim">

  <leader>01300nam2a22003371  4500</leader>
  <controlfield tag="001">v19\rc\1283319</controlfield>
  <controlfield tag="005">20250618023655.0</controlfield>
  <datafield tag="035" ind1=" " ind2=" ">
    <subfield code="a">(NLR Aleph) 004453057</subfield>
  </datafield>
  <datafield tag="090" ind1=" " ind2=" ">
    <subfield code="a">4482339</subfield>
    <subfield code="c">4482339</subfield>
  </datafield>
  <datafield tag="100" ind1=" " ind2=" ">
    <subfield code="a">20060306d1840    |||y0rusy50      ca</subfield>
  </datafield>
  <datafield tag="101" ind1="1" ind2=" ">
    <subfield code="a">rus</subfield>
    <subfield code="c">fre</subfield>
  </datafield>
  <datafield tag="102" ind1=" " ind2=" ">
    <subfield code="a">RU</subfield>
  </datafield>
  <datafield tag="105" ind1=" " ind2=" ">
    <subfield code="a">c   z   |||||</subfield>
  </datafield>
  <datafield tag="200" ind1="1" ind2=" ">
    <subfield code="a">&#x414;&#x435; &#x420;&#x44E;&#x439;&#x442;&#x435;&#x440;</subfield>
  </datafield>
  <datafield tag="210" ind1=" " ind2=" ">
    <subfield code="d">1840</subfield>
    <subfield code="a">&#x411;. &#x43C;.</subfield>
  </datafield>
  <datafield tag="215" ind1=" " ind2=" ">
    <subfield code="a">434 &#x441;. &#x440;&#x430;&#x437;&#x434;. &#x43F;&#x430;&#x433;., 2 &#x43B;. &#x43F;&#x43E;&#x440;&#x442;&#x440;.</subfield>
  </datafield>
  <datafield tag="423" ind1=" " ind2="0">
    <subfield code="1">1010#$arus</subfield>
    <subfield code="1">2001#$a&#x41A;&#x43E;&#x440;&#x43D;&#x435;&#x43B;&#x438;&#x439; &#x434;&#x435; &#x422;&#x440;&#x43E;&#x43C;&#x43F;</subfield>
    <subfield code="t">&#x41A;&#x43E;&#x440;&#x43D;&#x435;&#x43B;&#x438;&#x439; &#x434;&#x435; &#x422;&#x440;&#x43E;&#x43C;&#x43F;</subfield>
  </datafield>
  <datafield tag="461" ind1=" " ind2="0">
    <subfield code="1">001v19\rc\1283317</subfield>
    <subfield code="1">2001#$a&#x421;&#x43B;&#x430;&#x432;&#x43D;&#x435;&#x439;&#x448;&#x438;&#x435; &#x444;&#x43B;&#x43E;&#x442;&#x43E;&#x432;&#x43E;&#x434;&#x446;&#x44B;$e&#x41F;&#x435;&#x440;. &#x441; &#x444;&#x440;. &#x438;&#x437;&#x434;. &#x432; 1817 &#x433;. &#x422;. 1-$v&#x422;. 2$90</subfield>
    <subfield code="9">4482330</subfield>
    <subfield code="c">&#x421;&#x430;&#x43D;&#x43A;&#x442;-&#x41F;&#x435;&#x442;&#x435;&#x440;&#x431;&#x443;&#x440;&#x433;</subfield>
    <subfield code="d">1840</subfield>
    <subfield code="n">&#x442;&#x438;&#x43F;. &#x418;&#x432;&#x435;&#x440;&#x441;&#x435;&#x43D;&#x430;</subfield>
    <subfield code="o">&#x41F;&#x435;&#x440;. &#x441; &#x444;&#x440;. &#x438;&#x437;&#x434;. &#x432; 1817 &#x433;. &#x422;. 1-</subfield>
    <subfield code="t">&#x421;&#x43B;&#x430;&#x432;&#x43D;&#x435;&#x439;&#x448;&#x438;&#x435; &#x444;&#x43B;&#x43E;&#x442;&#x43E;&#x432;&#x43E;&#x434;&#x446;&#x44B;</subfield>
    <subfield code="v">&#x422;. 2$90</subfield>
  </datafield>
  <datafield tag="702" ind1=" " ind2="1">
    <subfield code="a">&#x420;&#x44E;&#x439;&#x442;&#x435;&#x440;</subfield>
    <subfield code="b">&#x41C;.&#x410;. &#x434;&#x435;</subfield>
    <subfield code="f">1607-1676</subfield>
    <subfield code="g">&#x41C;&#x438;&#x445;&#x435;&#x43B;&#x44C; &#x410;&#x43D;&#x434;&#x440;&#x438;&#x430;&#x43D;&#x437;&#x43E;&#x43D; &#x434;&#x435;</subfield>
    <subfield code="4">570</subfield>
  </datafield>
  <datafield tag="702" ind1=" " ind2="1">
    <subfield code="a">&#x422;&#x440;&#x43E;&#x43C;&#x43F;</subfield>
    <subfield code="b">&#x41A;.</subfield>
    <subfield code="f">1619-1691</subfield>
    <subfield code="g">&#x41A;&#x43E;&#x440;&#x43D;&#x435;&#x43B;&#x438;&#x439;</subfield>
    <subfield code="4">570</subfield>
  </datafield>
  <datafield tag="801" ind1=" " ind2="0">
    <subfield code="a">RU</subfield>
    <subfield code="b">NLR</subfield>
    <subfield code="g">psbo</subfield>
  </datafield>
  <datafield tag="801" ind1=" " ind2="0">
    <subfield code="a">RU</subfield>
    <subfield code="b">RuMoRGB</subfield>
    <subfield code="2">psbo</subfield>
  </datafield>
  <datafield tag="801" ind1=" " ind2="1">
    <subfield code="a">RU</subfield>
    <subfield code="b">ProSoft-M</subfield>
    <subfield code="2">rusmarc</subfield>
  </datafield>
  <datafield tag="852" ind1=" " ind2=" ">
    <subfield code="a">NLR</subfield>
    <subfield code="j">18.9.2.18</subfield>
  </datafield>
  <datafield tag="852" ind1=" " ind2=" ">
    <subfield code="a">NLR</subfield>
    <subfield code="j">128/1915</subfield>
  </datafield>
  <datafield tag="899" ind1=" " ind2=" ">
    <subfield code="a">RuMoRGB</subfield>
    <subfield code="j">G 21/82</subfield>
  </datafield>
  <datafield tag="899" ind1=" " ind2=" ">
    <subfield code="a">&#x411;&#x410;&#x41D;</subfield>
  </datafield>
  <datafield tag="899" ind1=" " ind2=" ">
    <subfield code="a">&#x41D;&#x411; &#x421;&#x41F;&#x431;&#x413;&#x423;</subfield>
  </datafield>
  <datafield tag="899" ind1=" " ind2=" ">
    <subfield code="a">&#x413;&#x41F;&#x418;&#x411;</subfield>
  </datafield>
  <datafield tag="942" ind1=" " ind2=" ">
    <subfield code="c">BOOK</subfield>
  </datafield>
  <datafield tag="980" ind1=" " ind2=" ">
    <subfield code="a">NB</subfield>
  </datafield>
  <datafield tag="995" ind1=" " ind2=" ">
    <subfield code="5">2013-10-26</subfield>
    <subfield code="b">NLR02</subfield>
    <subfield code="c">NLR02</subfield>
    <subfield code="e">RFS</subfield>
    <subfield code="f">4453057-10</subfield>
    <subfield code="k">18.9.2.18</subfield>
    <subfield code="o">0</subfield>
    <subfield code="r">BOOK</subfield>
    <subfield code="s">189218_</subfield>
  </datafield>
  <datafield tag="995" ind1=" " ind2=" ">
    <subfield code="5">2013-10-26</subfield>
    <subfield code="b">NLR02</subfield>
    <subfield code="c">NLR02</subfield>
    <subfield code="e">RFS</subfield>
    <subfield code="f">4453057-20</subfield>
    <subfield code="k">128/1915</subfield>
    <subfield code="o">0</subfield>
    <subfield code="r">BOOK</subfield>
    <subfield code="s">1281915_</subfield>
  </datafield>
  <datafield tag="995" ind1=" " ind2=" ">
    <subfield code="5">2013-10-26</subfield>
    <subfield code="b">NLR01</subfield>
    <subfield code="c">NLR01</subfield>
    <subfield code="e">TEMP</subfield>
    <subfield code="f">4453057-40</subfield>
    <subfield code="o">0</subfield>
    <subfield code="r">BOOK</subfield>
  </datafield>
  <datafield tag="995" ind1=" " ind2=" ">
    <subfield code="5">2013-10-26</subfield>
    <subfield code="b">NLR01</subfield>
    <subfield code="c">NLR01</subfield>
    <subfield code="e">TEMP</subfield>
    <subfield code="f">4453057-50</subfield>
    <subfield code="o">0</subfield>
    <subfield code="r">BOOK</subfield>
  </datafield>
  <datafield tag="995" ind1=" " ind2=" ">
    <subfield code="5">2013-10-26</subfield>
    <subfield code="b">NLR01</subfield>
    <subfield code="c">NLR01</subfield>
    <subfield code="e">TEMP</subfield>
    <subfield code="f">4453057-60</subfield>
    <subfield code="o">0</subfield>
    <subfield code="r">BOOK</subfield>
  </datafield>
</record>
